<?xml version="1.0" encoding="UTF-8"?>
<record
    xmlns:xsi="http://www.w3.org/2001/XMLSchema-instance"
    xsi:schemaLocation="http://www.loc.gov/MARC21/slim http://www.loc.gov/standards/marcxml/schema/MARC21slim.xsd"
    xmlns="http://www.loc.gov/MARC21/slim">

  <leader>02685nam a22003257a 4500</leader>
  <controlfield tag="005">20080926102322.0</controlfield>
  <controlfield tag="008">080926t        xxu||||| |||| 00| h pnb d</controlfield>
  <datafield tag="010" ind1=" " ind2=" ">
    <subfield code="a">PNB-6284</subfield>
  </datafield>
  <datafield tag="020" ind1=" " ind2=" ">
    <subfield code="c">80.00</subfield>
    <subfield code="a">978812375088x</subfield>
  </datafield>
  <datafield tag="035" ind1=" " ind2=" ">
    <subfield code="a">PN-5402</subfield>
  </datafield>
  <datafield tag="037" ind1=" " ind2=" ">
    <subfield code="b">DBAD / PUB                     &#xA28;&#xA48;&#xA38;&#xA3C;&#xA28;&#xA32; &#xA2C;&#xA41;&#xA15; &#xA1F;&#xA30;&#xA71;&#xA38;&#xA1F;</subfield>
  </datafield>
  <datafield tag="040" ind1=" " ind2=" ">
    <subfield code="a">DPL</subfield>
    <subfield code="b">PN</subfield>
  </datafield>
  <datafield tag="082" ind1=" " ind2=" ">
    <subfield code="a">796</subfield>
  </datafield>
  <datafield tag="100" ind1=" " ind2=" ">
    <subfield code="a">&#xA38;&#xA30;&#xA35;&#xA23; &#xA38;&#xA3F;&#xA70;&#xA18; </subfield>
  </datafield>
  <datafield tag="245" ind1=" " ind2=" ">
    <subfield code="a">&#xA2A;&#xA70;&#xA1C;&#xA3E;&#xA2C; &#xA26;&#xA47; &#xA1A;&#xA4C;&#xA23;&#xA35;&#xA47;&#xA70; &#xA16;&#xA3F;&#xA21;&#xA3E;&#xA30;&#xA40; /</subfield>
    <subfield code="b">&#xA38;&#xA30;&#xA35;&#xA23; &#xA38;&#xA3F;&#xA70;&#xA18;  </subfield>
  </datafield>
  <datafield tag="246" ind1=" " ind2=" ">
    <subfield code="a">Punjab De Chonwen Khidari </subfield>
    <subfield code="b">by Sarwan Singh </subfield>
  </datafield>
  <datafield tag="260" ind1=" " ind2=" ">
    <subfield code="a">&#xA28;&#xA35;&#xA40;&#xA70; &#xA26;&#xA3F;&#xA71;&#xA32;&#xA40;</subfield>
    <subfield code="b">&#xA28;&#xA48;&#xA38;&#xA3C;&#xA28;&#xA32; &#xA2C;&#xA41;&#xA15; &#xA1F;&#xA30;&#xA71;&#xA38;&#xA1F;</subfield>
    <subfield code="c">2007</subfield>
  </datafield>
  <datafield tag="270" ind1=" " ind2=" ">
    <subfield code="a">&#xA0F; -5, &#xA17;&#xA30;&#xA40;&#xA28; &#xA2A;&#xA3E;&#xA30;&#xA15;</subfield>
    <subfield code="b">&#xA28;&#xA35;&#xA40;&#xA70; &#xA26;&#xA3F;&#xA71;&#xA32;&#xA40; </subfield>
    <subfield code="e">110016</subfield>
  </datafield>
  <datafield tag="300" ind1=" " ind2=" ">
    <subfield code="a">xii, 279 &#xA2A;&#xA70;</subfield>
    <subfield code="c">22 &#xA38;&#xA47;&#xA2E;&#xA40; (&#xA05;&#xA1C;&#xA3F;&#xA32;&#xA4D;&#xA26; ) </subfield>
  </datafield>
  <datafield tag="650" ind1=" " ind2=" ">
    <subfield code="a">Punjab Sports Personalities </subfield>
  </datafield>
  <datafield tag="650" ind1=" " ind2=" ">
    <subfield code="a">&#xA2A;&#xA70;&#xA1C;&#xA3E;&#xA2C; &#xA26;&#xA47; &#xA1A;&#xA4C;&#xA23;&#xA35;&#xA47; &#xA16;&#xA3F;&#xA21;&#xA3E;&#xA30;&#xA40; </subfield>
  </datafield>
  <datafield tag="942" ind1=" " ind2=" ">
    <subfield code="2">ddc</subfield>
    <subfield code="c">PN</subfield>
    <subfield code="m">&#xA38;&#xA30;&#xA35;</subfield>
    <subfield code="h">796</subfield>
  </datafield>
  <datafield tag="999" ind1=" " ind2=" ">
    <subfield code="c">19534</subfield>
    <subfield code="d">19534</subfield>
  </datafield>
  <datafield tag="952" ind1=" " ind2=" ">
    <subfield code="0">0</subfield>
    <subfield code="1">0</subfield>
    <subfield code="2">ddc</subfield>
    <subfield code="4">0</subfield>
    <subfield code="7">1</subfield>
    <subfield code="8">NFIC</subfield>
    <subfield code="a">DBAD</subfield>
    <subfield code="b">DBAD</subfield>
    <subfield code="d">2008-12-05</subfield>
    <subfield code="g">80.00</subfield>
    <subfield code="l">0</subfield>
    <subfield code="o">796 &#xA38;&#xA30;&#xA35;</subfield>
    <subfield code="p">PN-5402</subfield>
    <subfield code="r">2008-12-05 00:00:00</subfield>
    <subfield code="t">1</subfield>
    <subfield code="v">80.00</subfield>
    <subfield code="w">2008-12-05</subfield>
    <subfield code="y">PN</subfield>
  </datafield>
  <datafield tag="952" ind1=" " ind2=" ">
    <subfield code="0">0</subfield>
    <subfield code="1">0</subfield>
    <subfield code="2">ddc</subfield>
    <subfield code="4">0</subfield>
    <subfield code="7">0</subfield>
    <subfield code="8">NFIC</subfield>
    <subfield code="a">L</subfield>
    <subfield code="b">L</subfield>
    <subfield code="d">2009-04-28</subfield>
    <subfield code="e">&#xA28;&#xA3E;&#xA30;&#xA25; &#xA07;&#xA02;&#xA21;&#xA40;&#xA2F;&#xA3E; &#xA2A;&#xA2C;&#xA32;&#xA3F;&#xA38;&#xA3C;&#xA30;&#xA1C;&#xA3C;/N 490-08/22:22/13.03.09/15.04.09/80.00</subfield>
    <subfield code="g">80.00</subfield>
    <subfield code="l">0</subfield>
    <subfield code="o">796 &#xA38;&#xA30;&#xA35;</subfield>
    <subfield code="p">B-328473</subfield>
    <subfield code="r">2009-04-28 00:00:00</subfield>
    <subfield code="t">1</subfield>
    <subfield code="v">80.00</subfield>
    <subfield code="w">2009-04-28</subfield>
    <subfield code="y">PN</subfield>
  </datafield>
  <datafield tag="952" ind1=" " ind2=" ">
    <subfield code="0">0</subfield>
    <subfield code="1">0</subfield>
    <subfield code="2">ddc</subfield>
    <subfield code="4">0</subfield>
    <subfield code="7">0</subfield>
    <subfield code="8">NFIC</subfield>
    <subfield code="a">M</subfield>
    <subfield code="b">M</subfield>
    <subfield code="d">2009-04-28</subfield>
    <subfield code="e">&#xA28;&#xA3E;&#xA30;&#xA25; &#xA07;&#xA02;&#xA21;&#xA40;&#xA2F;&#xA3E; &#xA2A;&#xA2C;&#xA32;&#xA3F;&#xA38;&#xA3C;&#xA30;&#xA1C;&#xA3C;/N 490-08/22:22/13.03.09/15.04.09/80.00</subfield>
    <subfield code="g">80.00</subfield>
    <subfield code="l">0</subfield>
    <subfield code="o">796 &#xA38;&#xA30;&#xA35;</subfield>
    <subfield code="p">B-328474</subfield>
    <subfield code="r">2009-04-28 00:00:00</subfield>
    <subfield code="t">1</subfield>
    <subfield code="v">80.00</subfield>
    <subfield code="w">2009-04-28</subfield>
    <subfield code="y">PN</subfield>
  </datafield>
  <datafield tag="952" ind1=" " ind2=" ">
    <subfield code="0">0</subfield>
    <subfield code="1">0</subfield>
    <subfield code="2">ddc</subfield>
    <subfield code="4">0</subfield>
    <subfield code="7">0</subfield>
    <subfield code="8">NFIC</subfield>
    <subfield code="a">BL1</subfield>
    <subfield code="b">BL1</subfield>
    <subfield code="d">2009-04-28</subfield>
    <subfield code="e">&#xA28;&#xA3E;&#xA30;&#xA25; &#xA07;&#xA02;&#xA21;&#xA40;&#xA2F;&#xA3E; &#xA2A;&#xA2C;&#xA32;&#xA3F;&#xA38;&#xA3C;&#xA30;&#xA1C;&#xA3C;/N 490-08/22:22/13.03.09/15.04.09/80.00</subfield>
    <subfield code="g">80.00</subfield>
    <subfield code="l">0</subfield>
    <subfield code="o">796 &#xA38;&#xA30;&#xA35;</subfield>
    <subfield code="p">B-328475</subfield>
    <subfield code="r">2009-04-28 00:00:00</subfield>
    <subfield code="t">1</subfield>
    <subfield code="v">80.00</subfield>
    <subfield code="w">2009-04-28</subfield>
    <subfield code="y">PN</subfield>
  </datafield>
  <datafield tag="952" ind1=" " ind2=" ">
    <subfield code="0">0</subfield>
    <subfield code="1">0</subfield>
    <subfield code="2">ddc</subfield>
    <subfield code="4">0</subfield>
    <subfield code="7">0</subfield>
    <subfield code="8">NFIC</subfield>
    <subfield code="a">VP</subfield>
    <subfield code="b">VP</subfield>
    <subfield code="d">2009-04-28</subfield>
    <subfield code="e">&#xA28;&#xA3E;&#xA30;&#xA25; &#xA07;&#xA02;&#xA21;&#xA40;&#xA2F;&#xA3E; &#xA2A;&#xA2C;&#xA32;&#xA3F;&#xA38;&#xA3C;&#xA30;&#xA1C;&#xA3C;/N 490-08/22:22/13.03.09/15.04.09/80.00</subfield>
    <subfield code="g">80.00</subfield>
    <subfield code="l">0</subfield>
    <subfield code="o">796 &#xA38;&#xA30;&#xA35;</subfield>
    <subfield code="p">B-328476</subfield>
    <subfield code="r">2009-04-28 00:00:00</subfield>
    <subfield code="t">1</subfield>
    <subfield code="v">80.00</subfield>
    <subfield code="w">2009-04-28</subfield>
    <subfield code="y">PN</subfield>
  </datafield>
  <datafield tag="952" ind1=" " ind2=" ">
    <subfield code="0">0</subfield>
    <subfield code="1">0</subfield>
    <subfield code="2">ddc</subfield>
    <subfield code="4">0</subfield>
    <subfield code="7">0</subfield>
    <subfield code="8">NFIC</subfield>
    <subfield code="a">BL4</subfield>
    <subfield code="b">BL4</subfield>
    <subfield code="d">2009-04-28</subfield>
    <subfield code="e">&#xA28;&#xA3E;&#xA30;&#xA25; &#xA07;&#xA02;&#xA21;&#xA40;&#xA2F;&#xA3E; &#xA2A;&#xA2C;&#xA32;&#xA3F;&#xA38;&#xA3C;&#xA30;&#xA1C;&#xA3C;/N 490-08/22:22/13.03.09/15.04.09/80.00</subfield>
    <subfield code="g">80.00</subfield>
    <subfield code="l">0</subfield>
    <subfield code="o">796 &#xA38;&#xA30;&#xA35;</subfield>
    <subfield code="p">B-328477</subfield>
    <subfield code="r">2009-04-28 00:00:00</subfield>
    <subfield code="t">1</subfield>
    <subfield code="v">80.00</subfield>
    <subfield code="w">2009-04-28</subfield>
    <subfield code="y">PN</subfield>
  </datafield>
</record>
